| 000 | 00913nam a2200229 i 4500 | ||
|---|---|---|---|
| 001 | 178975 | ||
| 003 | ES-MaACL | ||
| 005 | 20251109120945.0 | ||
| 008 | 110816s1904 fr |||| | fre d | ||
| 245 | 0 | 4 |
_aLes applications sociales de la solidarité _b: leçons professées à l'École des Hautes Études Sociales / _cpar P. Budin,... Ch. Gide,... H. Monod,... [et al.] ; préface de M. Léon Bourgeois. |
| 260 |
_aParis : _bFélix Alcan, _c1904. |
||
| 300 |
_aXXII, 261 p. : _bil. ; _c22 cm. |
||
| 490 | 1 |
_aBibliothèque générale des sciences sociales ; _v22 |
|
| 650 | 0 | 4 |
_aSolidaridad. _917226 |
| 700 | 1 |
_aBudin, Pierre. _9126223 |
|
| 700 | 1 |
_aGide, Charles. _956675 |
|
| 700 | 1 |
_aMonod, Henri, _d1843-1911 _9147616 |
|
| 700 | 0 |
_aBourgeois, Léon. _930985 |
|
| 830 | 0 | 0 |
_aBibliothèque générale des sciences sociales _v22 _9187778 |
| 852 |
_aES-MaACL _jC-23102 |
||
| 999 |
_c178975 _d178975 |
||